Pastoral de nuestro santísimo padre Benedicto XIV (Record no. 8155)
[ view plain ]
| 000 -CABECERA | |
|---|---|
| campo de control de longitud fija | 01571nam a2200289 a 4500 |
| 001 - NÚMERO DE CONTROL | |
| campo de control | BRCA_8488 |
| 003 - IDENTIFICADOR DEL NÚMERO DE CONTROL | |
| campo de control | FranzMayer |
| 005 - FECHA Y HORA DE LA ÚLTIMA TRANSACCIÓN | |
| campo de control | 20230724102434.0 |
| 008 - DATOS DE LONGITUD FIJA--INFORMACIÓN GENERAL | |
| campo de control de longitud fija | 220416s1769----sp-#######---#000-0#spa-# |
| 040 ## - FUENTE DE LA CATALOGACIÓN | |
| Centro catalogador/agencia de origen | MFM |
| Lengua de catalogación | ESPAÑOL |
| Centro/agencia transcriptor | MFM |
| 041 ## - CÓDIGO DE LENGUA | |
| Código de lengua del texto/banda sonora o título independiente | spa |
| 044 ## - CÓDIGO DEL PAÍS DE LA ENTIDAD EDITORA/PRODUCTORA | |
| Código MARC del país | sp |
| 084 ## - OTRO NÚMERO DE CLASIFICACIÓN | |
| Número de clasificación | BE3 |
| Número de documento/Ítem | .P37 1769 |
| 245 10 - MENCIÓN DE TÍTULO | |
| Título | Pastoral de nuestro santísimo padre Benedicto XIV |
| Resto del título | de gloriosa memoria, siendo Cardenal Arzobispo de la Santa Iglesia de Bolonia ; e instrucciones eclesiásticas para su diocesi |
| Mención de responsabilidad, etc. | traducidas del toscano por el Fr. Juan Facundo Raulin. |
| 260 ## - PUBLICACIÓN, DISTRIBUCIÓN, ETC. | |
| Lugar de publicación, distribución, etc. | Madrid |
| Nombre del editor, distribuidor, etc. | En la Oficina de Miguel Escribano |
| Fecha de publicación, distribución, etc. | 1769 |
| 300 ## - DESCRIPCIÓN FÍSICA | |
| Extensión | [14], 463 p. (t.2, 4a impresión) |
| Dimensiones | 21.5 x 15 cm. |
| 500 ## - NOTA GENERAL | |
| Nota general | Estado físico : cintas rotas y encuadernación manchada |
| 500 ## - NOTA GENERAL | |
| Nota general | Con marca de fuego : ´Procedencia de la marca: Convento de San Antonio de Querétaro. Institución: Orden de Frailes Menores Descalzos. Provincia de San Diego de México. Descripción: Monograma; letras iniciales y texto en el contorno: S A[ntonio] Q[ueréta]ro. Ubicación de la marca en el libro: Canto superior, inferior y lateral´ |
| 500 ## - NOTA GENERAL | |
| Nota general | Ver también : BE5 (tomo 1, 1790), BE13 (tomo 2, 1764) y BE93 (tomo 2, 1769) |
| 600 14 - PUNTO DE ACCESO ADICIONAL DE MATERIA--NOMBRE DE PERSONA | |
| Nombre de persona | Benedicto XIV |
| Títulos y otros términos asociados al nombre | Papa |
| Fechas asociadas al nombre | 1675-1758 |
| 9 (RLIN) | 21272 |
| 650 14 - PUNTO DE ACCESO ADICIONAL DE MATERIA--TÉRMINO DE MATERIA | |
| Término de materia o nombre geográfico como elemento de entrada | Iglesia católica |
| Subdivisión general | Disciplina |
| 9 (RLIN) | 463 |
| 651 #4 - PUNTO DE ACCESO ADICIONAL DE MATERIA--NOMBRE GEOGRÁFICO | |
| Nombre geográfico | Bolonia (Arquidiócesis) |
| 9 (RLIN) | 21273 |
| 700 1# - PUNTO DE ACCESO ADICIONAL--NOMBRE DE PERSONA | |
| Nombre de persona | Facundo Raulin, Juan |
| Término indicativo de función/relación | tr. |
| 9 (RLIN) | 21274 |
| 856 ## - LOCALIZACIÓN Y ACCESO ELECTRÓNICOS | |
| Nombre del host | http://www.marcasdefuego.buap.mx:8180/xmLibris/projects/firebrand/item.jsp?repository=marcas_de_fuego&key=422f0a15.xml&num=17 |
| 902 ## - CATALOGADOR | |
| Iniciales | CFM |
| 942 ## - ELEMENTOS DE PUNTO DE ACCESO ADICIONAL (KOHA) | |
| Fuente del sistema de clasificación o colocación | Library of Congress Classification |
| Tipo de ítem Koha | Libros |
| Estado de retiro | Estado de pérdida | Fuente del sistema de clasificación o colocación | Estado dañado | No para préstamo | Código de colección | Localización permanente | Ubicación/localización actual | Fecha de adquisición | Fuente de adquisición | Total de préstamos | Signatura topográfica completa | Código de barras | Fecha visto por última vez | Precio válido a partir de | Tipo de ítem Koha |
|---|---|---|---|---|---|---|---|---|---|---|---|---|---|---|---|
| El ejemplar forma parte de la colección y puede ser consultado según las políticas vigentes. | Library of Congress Classification | Conventual Franz Mayer | Biblioteca del Museo Franz Mayer (Rogerio Casas-Alatriste) | Biblioteca del Museo Franz Mayer (Rogerio Casas-Alatriste) | 15/04/2016 | Donación | BE3 .P37 1769 | CFM00003 | 22/03/2019 | 22/03/2019 | Libros |